Lecciónes de geografía argentina /
Guardado en:
| Autor Principal: | |
|---|---|
| Formato: | Libro |
| Publicado: |
Buenos Aires :
Garc¡a Santos, 0
|
| Edición: | 9a. ed. |
| Materias: | |
| Etiquetas: |
Agregar Etiqueta
Sin Etiquetas, Sea el primero en etiquetar este registro!
|
| LEADER | 00505nam a22001815a 4500 | ||
|---|---|---|---|
| 001 | CEM.cems006265 | ||
| 005 | 20060214000000.0 | ||
| 008 | 130507b######################000#0#####d | ||
| 003 | CEMS | ||
| 082 | 0 | 4 | |a 918.2 |
| 100 | 1 | |a Tobal, Gastón Federico | |
| 245 | 1 | 0 | |a Lecciónes de geografía argentina / |
| 250 | |a 9a. ed. | ||
| 260 | |a Buenos Aires : |b Garc¡a Santos, 0 | ||
| 300 | |a 528 p. | ||
| 653 | |a Geografia | ||
| 653 | |a Geografia argentina | ||
| 859 | |a CEMS |b BIB. CEMS - 11 de abril |h 918.2 |i T552a9 |p 9874.81 |t Ej.1 | ||
